NBA Leading Scorer Every Year by Letter - M - Statistics

General Stats
  • This quiz has been taken 40 times
  • The average score is 45 of 76
Answer Stats
Year PPG Team Player % Correct
2019 23.8 Utah Jazz Donovan Mitchell
97%
2020 24.0 Utah Jazz Donovan Mitchell
97%
2021 26.4 Utah Jazz Donovan Mitchell
97%
2023 28.3 Cleveland Cavaliers Donovan Mitchell
97%
2024 26.6 Cleveland Cavaliers Donovan Mitchell
97%
1988 27.7 Utah Jazz Karl Malone
97%
1989 29.1 Utah Jazz Karl Malone
97%
1990 31.0 Utah Jazz Karl Malone
97%
1991 29.0 Utah Jazz Karl Malone
97%
1992 28.0 Utah Jazz Karl Malone
97%
1993 27.0 Utah Jazz Karl Malone
97%
1994 25.2 Utah Jazz Karl Malone
97%
1995 26.7 Utah Jazz Karl Malone
97%
1996 25.7 Utah Jazz Karl Malone
97%
1997 27.4 Utah Jazz Karl Malone
97%
1998 27.0 Utah Jazz Karl Malone
97%
1999 23.8 Utah Jazz Karl Malone
97%
2000 25.5 Utah Jazz Karl Malone
97%
1984 23.3 San Antonio Spurs Mike Mitchell
97%
1980 25.8 Houston Rockets Moses Malone
97%
1981 27.8 Houston Rockets Moses Malone
97%
1982 31.1 Houston rockets Moses Malone
97%
1983 24.5 Philadelphia 76ers Moses Malone
97%
1985 24.6 Philadelphia 76ers Moses Malone
97%
1986 23.8 Philadelphia 76ers Moses Malone
97%
2022 27.4 Memphis Grizzlies Ja Morant
94%
2025 26.3 Philadelphia 76ers Tyrese Maxey
85%
2001 26.8 Orlando Magic Tracy McGrady
82%
2002 25.6 Orlando Magic Tracy McGrady
82%
2003 32.1 Orlando Magic Tracy McGrady
82%
2004 28.0 Orlando Magic Tracy McGrady
82%
2005 25.7 Orlando Magic Tracy McGrady
82%
2007 24.6 Houston Rockets Tracy McGrady
82%
1950 27.4 Minneapolis Lakers George Mikan
71%
1951 28.4 Minneapolis Lakers George Mikan
71%
1952 23.8 Minneapolis Lakers George Mikan
71%
1953 20.6 Minneapolis Lakers George Mikan
71%
1987 26.1 Boston Celtics Kevin McHale
62%
2016 20.8 Portland Trail Blazers CJ McCollum
59%
2017 23.0 Portland Trail Blazers CJ McCollum
59%
2018 21.4 Portland Trail Blazers CJ McCollum
59%
1974 30.6 Buffalo Braves Bob McAdoo
56%
1975 34.5 Buffalo Braves Bob McAdoo
56%
1976 31.1 Buffalo Braves Bob McAdoo
56%
1979 24.8 New York Knicks Bob McAdoo
56%
2006 21.8 Phoenix Suns Shawn Marion
53%
1971 23.2 Atlanta Hawks Pete Maravich
47%
1973 26.1 Atlanta Hawks Pete Maravich
47%
1977 31.1 New Orleans Jazz Pete Maravich
47%
1978 27.0 New Orleans Jazz Pete Maravich
47%
1968 24.3 Baltimore Bullets Earl Monroe
44%
1969 25.8 Baltimore Bullets Earl Monroe
44%
1970 23.4 Baltimore Bullets Earl Monroe
44%
2013 16.0 Detroit Pistons Greg Monroe
44%
2012 16.6 Utah Jazz Paul Millsap
32%
2015 16.7 Atlanta Hawks Paul Millsap
32%
2008 23.7 Sacramento Kings Kevin Martin
18%
2009 24.6 Sacramento Kings Kevin Martin
18%
2011 23.5 Houston Rockets Kevin Martin
18%
2014 19.1 Minnesota Timberwolves Kevin Martin
18%
1955 18.7 Minneapolis Lakers Vern Mikkelsen
12%
1958 17.3 Minneapolis Lakers Vern Mikkelsen
12%
1959 13.8 Minneapolis Lakers Vern Mikkelsen
12%
1954 18.9 Boston Celtics Ed Macauley
9%
1956 17.5 Boston Celtics Ed Macauley
9%
1957 16.5 St. Louis Hawks Ed Macauley
9%
2010 19.8 Golden State Warriors Corey Maggette
6%
1965 13.7 Detroit Pistons Eddie Miles
6%
1966 19.6 Detroit Pistons Eddie Miles
6%
1967 17.6 Detroit Pistons Eddie Miles
6%
1972 22.3 Baltimore Bullets Jack Marin
6%
1964 15.1 New York Knicks Billy McGill
0%
1960 8.9 Detroit Pistons Shellie McMillon
0%
1961 10.1 Detroit Pistons Shellie McMillon
0%
1962 12.1 Philadelphia Warriors Tom Meschery
0%
1963 16.0 San Francisco Warriors Tom Meschery
0%
No matching quizzes found
Score Distribution
Percent of People with Each Score
Percentile by Number Answered
Your Score History
You have not taken this quiz